00527nam a22001457a 4500003000500000038001800005082000800023100002100031245015600052264003300208300002500241650002800266700002900294856005800323NUST aNusrat Nadeem a200 aGhaffar, Wajeeha aNature’s Influence: Investigating the Relationship between Nature Exposure and Pro-Environmental Behaviors in Islamabad, Pakistan/cWajeeha Ghaffar,  aIslamabad;bS3H NUST;c2024. a124,p;bill;c30,cm. aMS- Development Studies aSupervisor: Sheeba Tariq u http://10.250.8.41:8080/xmlui/handle/123456789/44435